000 01647nam a2200481 c 4500
001 21503
003 ES-MaCES
005 20160321143140.0
008 080926s2008 sp t 000 | spa d
017 _aM 22243-2008
_bDL
020 _a9788437624693
024 7 _a207-08-040-5
_2nipo
035 _aCES20080009470m
040 _aES-MaCES
_bspa
_cES-MaCES
245 0 0 _aDescolonizando el feminismo
_b: teorías y prácticas desde los márgenes
_cLiliana Suárez Navaz, Rosalva Aída Hernández Castillo (eds.) ; [autores], Maylei Blackwell ... [et al.]
250 _a1ª ed
260 _aMadrid
_bCátedra
_c2008
300 _a469 p.
_c21 cm
490 1 _aFeminismos
_v94
500 _aEn la port.: Universitat de València ; Instituto de la Mujer
504 _aBibliografía
541 _cGratuito
650 4 _afeminismo
_931029
650 4 _acolonialismo
_927119
650 4 _amujeres
_928657
650 4 _aderechos de la mujer
_927173
650 4 _aidentidad cultural
_929870
650 4 _adiscriminación racial
_927190
650 4 _ateoría social
_927032
650 4 _ateoría política
_927233
650 4 _ainvestigación interdisciplinaria
_928841
650 4 _aestudio de casos
_928846
653 1 0 _aMujer
700 1 _aBlackwell, Maylei
_97818
700 1 _aSuárez Navaz, Liliana
_eed. lit.
_924537
700 1 _aHernández del Castillo, Rosalva Aída
_eed. lit.
_914675
710 2 _aInstituto Andaluz de la Mujer
_94108
710 2 _95337
_aUniversidad de Valencia
830 0 _aFeminismos
_v94
_933280
902 _aLIB Libro
942 _2CES
_cBK
_h3.3.
999 _c21503
_d21503